000 00945nas a2200313 4500
001 BR8306387
003 BR-BrBNA
005 20231205085727.0
007 ta
008 230509b bl.|||p| |||| 00| 00por d
040 _aBR-BrBNA
_bpor
_cBiblioteca Nacional de Agricultura
041 _a(Pt)
072 _aQ04
100 1 _aTeixeira, M.C.R.
100 1 _aChitarra, M.I.F.
100 1 _aChitarra, A.B.
245 1 _aCaracteristicas dos frutos de algumas cultivares de pessegueiros (Prunus persica (L.)Batsch)2: pectinas, calcio, taninos e coloracao
650 _aPESSEGO
650 _aVARIEDADE
650 _aMATURACAO
650 _aPROPRIEDADE ORGANOLEPTICA
650 _aPECTINA
650 _aCALCIO
650 _aTANINO
650 _aCOR
773 0 _tRevista Brasileira de Fruticultura (Brazil)
_xISSN 0100-2945
_g(Oct 1983), v. 5 p. 81-91
_wBR8306387
909 _a202311
_bLúcia
_c55
_dLúcia Elande
942 _2AGRIS
_n0
_cANA
999 _c113385
_d113385